| 000 | 00678nam a2200253 a 4500 | ||
|---|---|---|---|
| 001 | nice12345678 | ||
| 003 | IN_TiNIC | ||
| 005 | 20260116013730.0 | ||
| 008 | 050524s1998 lona grp 000 0 eng | ||
| 020 |
_a _c450 |
||
| 082 | 0 | 0 |
_a305.6945008 _bKAW |
| 100 | _aKawashima, Koji | ||
| 245 |
_aMissionaries and a Hindu State _b Travancore 1858-1936. |
||
| 260 |
_aLondan _bOxford University Press _c1998 |
||
| 300 | _a252p. | ||
| 500 | _aincludes index and biblioraphy | ||
| 505 | 2 | _aIndex | |
| 650 | _aHinduism-Relations-Christianity | ||
| 650 | _aTravancore 1858-1936-missions | ||
| 700 | 1 | _aKawashima, Koji | |
| 902 | _bSRS | ||
| 942 | _cBK | ||
| 999 |
_c12212 _d12212 |
||